| 000 | 01078cam a22003131 4500 | ||
|---|---|---|---|
| 999 |
_c17514 _d17514 |
||
| 001 | 6138021 | ||
| 003 | BDDh-ASL | ||
| 005 | 20231015025545.0 | ||
| 008 | 161212s1966 pk a b 001 0 eng | ||
| 010 | _asa 67004098 | ||
| 025 | _aPL480:EP-E-346 | ||
| 035 | _a(OCoLC)985792 | ||
| 040 |
_aDLC _cBDDh-ASL _dBDDh-ASL _dBDDh-ASL |
||
| 042 | _apremarc | ||
| 050 | 0 | 0 |
_aJF1063.P3 _bH8 |
| 082 |
_a324.547 _bHUE |
||
| 100 | 1 |
_aHuq, M. Mahfuzul. _992 |
|
| 245 | 1 | 0 |
_aElectoral problems in Pakistan / _cby M. Mahfuzul Huq. |
| 260 |
_aDacca: _bAsiatic Society of Pakistan, _c1966. |
||
| 300 |
_axi, 222 p. : _c25 cm. |
||
| 410 | 2 | 0 |
_aAsiatic Society of Pakistan. _tPublication |
| 440 |
_aAsiatic Society of Pakistan publication; _9220 _vno. 21 |
||
| 500 | _aIncluding index. "Originally written in 1964 at Columbia University as a thesis for doctoral degree." | ||
| 504 | _aBibliography: p. 206-213. | ||
| 650 | 0 |
_aMinorities _zPakistan. _993 |
|
| 650 | 0 |
_aProportional representation _zPakistan. _994 |
|
| 906 |
_a7 _bcbc _coclcrpl _du _encip _f19 _gy-gencatlg |
||
| 942 |
_2ddc _cBK |
||